00427 a2200109 4500001001000000005001700010008004100027245017200068100001800240773004200258999001700300ART_5935920260410161636.0260409a 10aCréditos en moneda por operaciones que generan ingresos de actividades ordinarias. Requerimientos de la RT 54 (t. o. RT 56) en materia de reconocimiento y medición1 aSuardi, Diana0 tEnfoquesg- N° 9 (sep. 2023)wREV416 c12894d12894